[Event "SLO-chT2 East"]
[Site "Brezice Maribor"]
[Date "2008.06.07"]
[Round "3"]
[White "Dular, Maksimiljan"]
[Black "Marguc, Franc"]
[Result "1-0"]
[WhiteElo "1950"]
[BlackElo "1966"]
[PlyCount "43"]
[EventDate "2008.10.24"]
[EventType "team-tourn"]
[EventRounds "9"]
[EventCountry "SLO"]
[SourceTitle "EXT 2010"]
[Source "ChessBase"]
[SourceDate "2010.11.25"]
[SourceVersion "1"]
[SourceVersionDate "2010.11.25"]
[SourceQuality "1"]

1. e4 e6 2. d4 d5 3. Nd2 dxe4 4. Nxe4 Nd7 5. Nf3 Ngf6 6. Bd3 Nxe4 7. Bxe4 Nf6 8. Bd3 Be7 9. c3 0-0 10. 0-0 b6 11. Bg5 Bb7 12. Re1 Rc8 13. Qe2 c6 14. Rad1 Qc7 15. Bb1 Rcd8 16. Ne5 c5 17. Qc2 g6 18. Qe2 Nd5 19. Bh6 Rfe8 20. Nxf7 Bf6 21. Nxd8 Bxd8 22. Qe5 1-0

[Event "SLO-chT2 East"]
[Site "Velenje"]
[Date "2005.11.08"]
[Round "7"]
[White "Dular, Maksimiljan"]
[Black "Nikl, Gregor"]
[Result "1-0"]
[WhiteElo "1967"]
[BlackElo "1658"]
[PlyCount "111"]
[EventDate "2005.05.27"]
[EventType "team"]
[EventRounds "9"]
[EventCountry "SLO"]
[SourceTitle "EXT 2009"]
[Source "ChessBase"]
[SourceDate "2008.11.26"]
[SourceVersion "1"]
[SourceVersionDate "2008.11.26"]
[SourceQuality "1"]

1. e4 e6 2. d4 d5 3. Nd2 c5 4. c3 Nc6 5. Bb5 a6 6. Bxc6+ bxc6 7. Ne2 Be7 8. e5 Qc7 9. 0-0 Bb7 10. Nf3 cxd4 11. cxd4 Bd8 12. Be3 Ne7 13. Ng3 0-0 14. Rc1 Ng6 15. Qd2 Rc8 16. Rc2 f6 17. h4 fxe5 18. h5 exd4 19. Nxd4 Nf4 20. Bxf4 Qxf4 21. Qxf4 Rxf4 22. Nxe6 Rf6 23. Nc5 Rc7 24. Re1 Be7 25. Ne6 Rd7 26. Rce2 Bb4 27. Rc1 Re7 28. Nc5 Bxc5 29. Rxc5 Rfe6 30. Rec2 Re1+ 31. Kh2 R1e5 32. R2c3 d4 33. Rxe5 Rxe5 34. Rb3 Re7 35. Nf5 Rd7 36. Nxd4 c5 37. Ne6 c4 38. Rb6 Bd5 39. Nf4 Bb7 40. f3 Kf7 41. Kg3 Bc8 42. Rc6 Rd8 43. Rxc4 Bd7 44. Rb4 Bc6 45. Rb6 Bb5 46. b3 Rd2 47. a4 Bf1 48. Kg4 g6 49. hxg6+ hxg6 50. g3 Bd3 51. Kg5 Bc2 52. a5 Rf2 53. Rb7+ Ke8 54. b4 Rxf3 55. g4 Rg3 56. Kh4 1-0

[Event "SLO-chT2"]
[Site "Slovenia"]
[Date "2003.05.02"]
[Round "2"]
[White "Dular, Maksimiljan"]
[Black "Plahuta, Darko"]
[Result "0-1"]
[WhiteElo "1985"]
[BlackElo "2011"]
[PlyCount "73"]
[EventDate "2003.05.02"]
[EventType "team"]
[EventRounds "9"]
[EventCountry "SLO"]
[SourceTitle "EXT 2005"]
[Source "ChessBase"]
[SourceDate "2004.11.15"]
[SourceVersion "1"]
[SourceVersionDate "2004.11.15"]
[SourceQuality "1"]

1. e4 e6 2. d4 d5 3. Nd2 c5 4. c3 cxd4 5. cxd4 dxe4 6. Nxe4 Bb4+ 7. Nc3 Nc6 8. Nf3 Nf6 9. Bb5 Bd7 10. 0-0 a6 11. Ba4 h6 12. d5 exd5 13. Nxd5 Nxd5 14. Qxd5 0-0 15. Be3 Qe7 16. a3 Be6 17. Qh5 Bd6 18. Rfe1 b5 19. Bc2 Qf6 20. Be4 Rac8 21. Rad1 Rfd8 22. Bb6 Rd7 23. Rc1 Rb7 24. Be3 Rbc7 25. Bb6 g6 26. Qxh6 Bf4 27. Bxc7 Bxh6 28. Rxc6 Qxb2 29. Be5 Qxa3 30. Rxc8+ Bxc8 31. Rd1 Qe7 32. Bc6 Kh7 33. h4 Bg4 34. Bg3 b4 35. Re1 Qf6 36. Bd5 Bxf3 37. Bxf3 0-1